Sotto lo stesso cuore

Guardat en:
Dades bibliogràfiques
Autor corporatiu: Unione degli Studenti, Mutua Studentesca
Format: Llibre
Idioma:anglès
Publicat: Unione degli studenti
Etiquetes: Afegir etiqueta
Sense etiquetes, Sigues el primer a etiquetar aquest registre!

MARC

LEADER 00000nam a2200000 4500
005 20240626182229.0
008 240626b |||||||| |||| 00| 0 eng d
040 |c GP 
110 |a Unione degli Studenti 
245 |a Sotto lo stesso cuore 
260 |b Unione degli studenti 
710 |a Mutua Studentesca 
942 |2 ddc  |c BK  |n 0 
952 |0 0  |1 0  |2 ddc  |4 0  |6 613_000000000000000_UNI  |7 1  |9 1507  |a RM  |b RM  |d 2024-06-26  |l 0  |o 613 UNI  |p 226  |r 2024-06-26 18:22:53  |w 2024-06-26  |y BK 
999 |c 1325  |d 1325